[Event "6MCR_4D_2L_2S"]
[Site "?"]
[Date "2004.??.??"]
[Round "?"]
[White "Pytlik, Lesek"]
[Black "Nedoma, Petr"]
[Result "1/2-1/2"]
[WhiteElo "2348"]
[BlackElo "2269"]
[PlyCount "115"]
[EventDate "2004.??.??"]
[EventType "corr"]
[SourceDate "2004.06.03"]

1. Nf3 Nf6 2. g3 d5 3. Bg2 c5 4. O-O Nc6 5. d3 e5 6. Nc3 d4 7. Nb5 Be7 8. e4
O-O 9. a4 Re8 10. Na3 Bd6 11. Nd2 Bc7 12. Nb3 b6 13. Nb5 Bb8 14. Na3 Bg4 15. f3
Be6 16. f4 exf4 17. gxf4 Bxb3 18. cxb3 a6 19. Bd2 Ra7 20. Qf3 Nb4 21. Rae1 a5
22. Nc4 Rae7 23. Kh1 Bc7 24. Rg1 Kh8 25. Ref1 Qd7 26. Bh3 Qc6 27. Rg2 Ng8 28.
Rfg1 f6 29. f5 b5 30. axb5 Qxb5 31. Bg4 Rb8 32. Bh5 Qb7 33. Rg4 Qc8 34. Rh4 h6
35. Qh3 Qf8 36. Bd1 Kh7 37. Rhg4 Rb7 38. Rg6 Rb8 39. Qf3 Nc6 40. b4 Nxb4 41.
Ba4 Kh8 42. Qh3 Rb7 43. R1g4 Rf7 44. Rh4 Kh7 45. Na3 Bb8 46. Bb3 Nc6 47. Bxf7
Rxf7 48. Nc4 a4 49. Qg4 Kh8 50. Qd1 Ra7 51. Rhg4 Ne5 52. Nxe5 Bxe5 53. Rg2 Bd6
54. Bc1 Be5 55. Rg1 Bd6 56. R1g2 Be5 57. Rg1 Bd6 58. R1g2 1/2-1/2

[Event "6MCR_4D_2L_2S"]
[Site "?"]
[Date "2004.??.??"]
[Round "?"]
[White "Pytlik, Lesek"]
[Black "Ryska, Jiri"]
[Result "1-0"]
[WhiteElo "2348"]
[BlackElo "2095"]
[PlyCount "95"]
[EventDate "2004.??.??"]
[EventType "corr"]
[SourceDate "2004.06.03"]

1. e4 e5 2. Nf3 Nc6 3. d4 exd4 4. Nxd4 Qh4 5. Nb5 Bb4+ 6. c3 Ba5 7. Nd2 a6 8.
Na3 Bb6 9. Qe2 d6 10. Nac4 Ba7 11. Ne3 Nge7 12. g3 Qf6 13. Nd5 Nxd5 14. exd5+
Ne7 15. Ne4 Qf5 16. Bg2 O-O 17. c4 Ng6 18. Bd2 Qg4 19. f4 Qxe2+ 20. Kxe2 Re8
21. Kd3 Bf5 22. Rhe1 Re7 23. Be3 Bxe3 24. Rxe3 Rae8 25. Rae1 h6 26. Kd4 Bxe4
27. Bxe4 Nh8 28. h4 g6 29. g4 Kg7 30. g5 f6 31. gxf6+ Kxf6 32. b4 Rf8 33. Rg1
Rfe8 34. a4 Kf7 35. a5 Kf6 36. c5 Kf7 37. Rge1 Kf6 38. Bf3 dxc5+ 39. bxc5 Rxe3
40. Rxe3 Rxe3 41. Kxe3 Nf7 42. Bg4 Nd8 43. Kd4 Ke7 44. Bc8 Kf6 45. c6 bxc6 46.
Bxa6 cxd5 47. Kxd5 Ke7 48. Bc8 1-0

[Event "6MCR_4D_2L_2S"]
[Site "?"]
[Date "2004.??.??"]
[Round "?"]
[White "Ryska, Jiri"]
[Black "Binas, Jindrich"]
[Result "1-0"]
[WhiteElo "2095"]
[BlackElo "2175"]
[PlyCount "53"]
[EventDate "2004.??.??"]
[EventType "corr"]
[SourceDate "2004.06.03"]

1. c4 Nf6 2. Nc3 g6 3. g3 Bg7 4. Bg2 O-O 5. d4 d6 6. Nf3 Nc6 7. O-O a6 8. h3
Rb8 9. Bf4 b5 10. cxb5 axb5 11. Qc2 Bd7 12. Rfc1 b4 13. Nd1 Nxd4 14. Nxd4 e5
15. Bxe5 dxe5 16. Nc6 Bxc6 17. Bxc6 Qc8 18. Bg2 Bh6 19. e3 Rd8 20. a4 bxa3 21.
bxa3 c5 22. a4 Bf8 23. Nc3 Qa6 24. a5 c4 25. Rcb1 Rb4 26. Rxb4 Bxb4 27. Qb2 1-0

[Event "6MCR_4D_2L_2S"]
[Site "?"]
[Date "2004.??.??"]
[Round "?"]
[White "Ryska, Jiri"]
[Black "Bultman, Milan"]
[Result "1/2-1/2"]
[WhiteElo "2095"]
[BlackElo "2141"]
[PlyCount "72"]
[EventDate "2004.??.??"]
[EventType "corr"]
[SourceDate "2004.06.03"]

1. c4 c5 2. Nf3 b6 3. e3 Nf6 4. d4 e6 5. Nc3 cxd4 6. exd4 Bb7 7. Bd3 Be7 8. O-O
O-O 9. Re1 d5 10. Ne5 dxc4 11. Bxc4 Nc6 12. Ba6 Qc8 13. Bxb7 Qxb7 14. Nxc6 Qxc6
15. d5 Qc4 16. dxe6 fxe6 17. Bg5 h6 18. Bxf6 Bxf6 19. Re4 Qc5 20. Qe1 Bd4 21.
Re2 Rad8 22. Rc1 Qf5 23. Rcc2 Rd7 24. Rcd2 b5 25. Nd1 Qb1 26. a3 e5 27. Kf1 Rc7
28. Nc3 Qxe1+ 29. Rxe1 Bxc3 30. bxc3 Rxc3 31. Rxe5 a6 32. a4 bxa4 33. Ra2 Rc4
34. Ke2 Rfc8 35. Ra5 Rc2+ 36. Rxc2 Rxc2+ 1/2-1/2

[Event "6MCR_4D_2L_2S"]
[Site "?"]
[Date "2004.??.??"]
[Round "?"]
[White "Ryska, Jiri"]
[Black "Hrdy, Roman"]
[Result "0-1"]
[WhiteElo "2095"]
[BlackElo "2224"]
[PlyCount "118"]
[EventDate "2004.??.??"]
[EventType "corr"]
[SourceDate "2004.06.03"]

1. c4 e6 2. Nc3 d5 3. d4 Nf6 4. Nf3 c6 5. Bg5 Nbd7 6. cxd5 exd5 7. e3 Bd6 8.
Bd3 Nf8 9. O-O Ne6 10. Bh4 h6 11. Rc1 Ng5 12. Ne5 O-O 13. f4 Ne6 14. Rf3 Re8
15. Rg3 Nf8 16. e4 dxe4 17. Bc4 Be6 18. Bxf6 Qxf6 19. Nxe4 Qe7 20. f5 Bxe5 21.
dxe5 Bxf5 22. Nd6 Be6 23. Qh5 Ng6 24. Bd3 Bd5 25. Re1 Qxd6 26. exd6 Rxe1+ 27.
Kf2 Re6 28. d7 Ne5 29. Bf5 Rf6 30. Kg1 Be6 31. Bh7+ Kxh7 32. Qxe5 Bxd7 33. Qc7
Be6 34. Qxb7 Rd8 35. h3 Rd1+ 36. Kh2 Bd5 37. Qxa7 Rff1 38. Rg4 Rh1+ 39. Kg3 Rd2
40. Qe3 Rhd1 41. Kh2 g6 42. b4 Rxa2 43. Qe7 Rdd2 44. Kg1 Rab2 45. Rg3 Re2 46.
Qf8 Rf2 47. Qc5 Rf4 48. Rg4 Rxg4 49. hxg4 Rxg2+ 50. Kf1 Rxg4 51. Kf2 Rc4 52.
Qd6 Be6 53. Qd2 h5 54. Kg2 h4 55. Kh2 h3 56. Kh1 Re4 57. Qb2 Rg4 58. Qc3 Rg2
59. Qxc6 Rd2 0-1

[Event "6MCR_4D_2L_2S"]
[Site "?"]
[Date "2004.??.??"]
[Round "?"]
[White "Ryska, Jiri"]
[Black "Mateka, Petr"]
[Result "1/2-1/2"]
[WhiteElo "2095"]
[BlackElo "1899"]
[PlyCount "59"]
[EventDate "2004.??.??"]
[EventType "corr"]
[SourceDate "2004.06.03"]

1. c4 Nf6 2. Nc3 e6 3. e4 d5 4. e5 Nfd7 5. cxd5 Nxe5 6. d4 Ng6 7. dxe6 Bxe6 8.
d5 Bc8 9. Qd4 c6 10. Nf3 cxd5 11. Bb5+ Nc6 12. Qxd5 Qxd5 13. Nxd5 Bd6 14. Be3
O-O 15. Rd1 Rd8 16. h3 Be6 17. Nc3 Nb4 18. a3 Nc2+ 19. Ke2 Bb3 20. Rd3 a6 21.
Ne4 Nxe3 22. fxe3 Bc2 23. Rxd6 Bxe4 24. Bd7 Rac8 25. Bxc8 Rxd6 26. Rc1 a5 27.
b3 Rb6 28. Rc3 Ne7 29. Bd7 Kf8 30. Kf2 1/2-1/2

[Event "6MCR_4D_2L_2S"]
[Site "?"]
[Date "2004.??.??"]
[Round "?"]
[White "Ryska, Jiri"]
[Black "Nedoma, Petr"]
[Result "0-1"]
[WhiteElo "2095"]
[BlackElo "2269"]
[PlyCount "82"]
[EventDate "2004.??.??"]
[EventType "corr"]
[SourceDate "2004.06.03"]

1. c4 e5 2. Nc3 Nc6 3. Nf3 Nf6 4. e3 Bb4 5. Qc2 Bxc3 6. Qxc3 Qe7 7. a3 d5 8. d4
O-O 9. Nxe5 Nxe5 10. dxe5 Ne4 11. Qc2 Qxe5 12. Bd3 Nf6 13. Bd2 Rd8 14. Bc3 d4
15. O-O-O Bg4 16. Bxd4 Bxd1 17. Bxe5 Bxc2 18. Kxc2 Ng4 19. Bg3 f6 20. Be4 c6
21. h3 Ne5 22. Kc3 a5 23. b3 g6 24. f4 Nd7 25. Bc2 f5 26. e4 fxe4 27. Bxe4 Nc5
28. Bc2 Re8 29. Re1 Rxe1 30. Bxe1 Re8 31. Bh4 Re2 32. g3 Ne4+ 33. Bxe4 Rxe4 34.
Kd3 Re1 35. Kd4 Kf7 36. a4 Rd1+ 37. Kc3 Ke6 38. Kc2 Rh1 39. Kd3 Rxh3 40. Ke4
Rxh4 41. gxh4 c5 0-1

[Event "6MCR_4D_2L_2S"]
[Site "?"]
[Date "2004.??.??"]
[Round "?"]
[White "Ryska, Jiri"]
[Black "Pytlik, Lesek"]
[Result "1/2-1/2"]
[WhiteElo "2348"]
[BlackElo "2095"]
[PlyCount "51"]
[EventDate "2004.??.??"]
[EventType "corr"]
[SourceDate "2004.06.03"]

1. c4 Nf6 2. Nc3 e5 3. Nf3 Nc6 4. e3 Bb4 5. Qc2 Bxc3 6. Qxc3 Qe7 7. a3 a5 8. b4
axb4 9. axb4 Rxa1 10. Qxa1 e4 11. b5 exf3 12. bxc6 fxg2 13. Bxg2 dxc6 14. Bb2
O-O 15. Rg1 Kh8 16. Be4 Rd8 17. d3 b5 18. Bxf6 gxf6 19. c5 Be6 20. Rg3 Bd5 21.
Bxh7 Kxh7 22. Qd1 Qe5 23. Qg4 Qc3+ 24. Ke2 Qc2+ 25. Ke1 Qc1+ 26. Ke2 1/2-1/2

[Event "6MCR_4D_2L_3S"]
[Site "?"]
[Date "2004.??.??"]
[Round "?"]
[White "Hrubcik, Martin"]
[Black "Necesany, Zdenek"]
[Result "1/2-1/2"]
[WhiteElo "2050"]
[BlackElo "2208"]
[PlyCount "99"]
[EventDate "2004.??.??"]
[EventType "corr"]
[SourceDate "2004.06.03"]

1. e4 e5 2. f4 exf4 3. Nf3 Be7 4. Bc4 Nf6 5. e5 Ng4 6. Nc3 Nc6 7. d4 d6 8. Bxf4
dxe5 9. dxe5 Qxd1+ 10. Rxd1 g5 11. Nxg5 Ngxe5 12. Bb5 Ng6 13. Be3 O-O 14. Nd5
Bd8 15. Ne4 f5 16. Ng3 Be6 17. Bc5 Rf7 18. O-O f4 19. Ne2 Bg5 20. Bxc6 bxc6 21.
Ndc3 Bc4 22. b3 Ba6 23. Rfe1 f3 24. gxf3 Bh4 25. Ng3 Rxf3 26. Nce4 Bc8 27. Rd3
Rf7 28. Rde3 Bd7 29. Nf2 Bg5 30. R3e2 Nh4 31. Rd1 Nf3+ 32. Kg2 Nh4+ 33. Kh1 Nf3
34. h3 a6 35. Ng4 Rd8 36. Nh5 Re8 37. Rxe8+ Bxe8 38. Rf1 Kh8 39. b4 h6 40. Nhf6
Bxf6 41. Rxf3 Bg5 42. Ra3 Rf1+ 43. Kh2 h5 44. Kg2 Rc1 45. Ne3 Kg7 46. Rxa6 Bxe3
47. Bxe3 Rxc2+ 48. Kg3 Rc4 49. Bc5 h4+ 50. Kf2 1/2-1/2

[Event "6MCR_4D_2L_3S"]
[Site "?"]
[Date "2004.??.??"]
[Round "?"]
[White "Hrubcik, Martin"]
[Black "Omamik, Pavel"]
[Result "0-1"]
[WhiteElo "2050"]
[BlackElo "2000"]
[PlyCount "112"]
[EventDate "2004.??.??"]
[EventType "corr"]
[SourceDate "2004.06.03"]

1. e4 c5 2. Nf3 Nc6 3. d4 cxd4 4. Nxd4 Nf6 5. Nc3 e5 6. Ndb5 d6 7. Nd5 Nxd5 8.
exd5 Ne7 9. c4 Nf5 10. Bd3 Be7 11. O-O a6 12. Nc3 O-O 13. f4 exf4 14. Rxf4 Nh6
15. h3 Qb6+ 16. Kh1 Bg5 17. Rf3 Bxc1 18. Rxc1 Bd7 19. Ne4 f5 20. c5 dxc5 21.
Nxc5 Rad8 22. Qe1 Rfe8 23. Re3 Kh8 24. a3 Rxe3 25. Qxe3 Bc8 26. b4 a5 27. bxa5
Qxa5 28. Be2 f4 29. Qxf4 Qxa3 30. Ne6 Bxe6 31. dxe6 Ng8 32. Rc7 Qb2 33. Rd7 Rc8
34. Bf1 Re8 35. Qf7 Qf6 36. Qxe8 Qxf1+ 37. Kh2 Qf4+ 38. Kg1 Qe3+ 39. Kf1 Qf4+
40. Ke2 Qe4+ 41. Kd1 Qa4+ 42. Kd2 Qb4+ 43. Kd3 Qb5+ 44. Ke4 Qc6+ 45. Kd4 Qb6+
46. Ke5 Qc5+ 47. Kf4 Qc1+ 48. Kf3 Qc3+ 49. Kf2 Qc5+ 50. Kf3 Qc3+ 51. Kf2 Qb2+
52. Ke3 Qb6+ 53. Ke4 Qc6+ 54. Ke5 Qc5+ 55. Rd5 Qe3+ 56. Kf5 g6+ 0-1

[Event "6MCR_4D_2L_3S"]
[Site "?"]
[Date "2004.??.??"]
[Round "?"]
[White "Hrubcik, Martin"]
[Black "Paganik, Pavel"]
[Result "1/2-1/2"]
[WhiteElo "2050"]
[BlackElo "2047"]
[PlyCount "108"]
[EventDate "2004.??.??"]
[EventType "corr"]
[SourceDate "2004.06.03"]

1. e4 c5 2. Nf3 d6 3. d4 cxd4 4. Nxd4 Nf6 5. Nc3 a6 6. Be2 e5 7. Nb3 Be7 8. O-O
O-O 9. Be3 Be6 10. Qd2 Nbd7 11. a4 b6 12. Rfd1 Qc7 13. f3 Qb7 14. Nc1 Rfd8 15.
N1a2 a5 16. Nd5 Nxd5 17. exd5 Bf5 18. Bb5 Rac8 19. Nc3 Nc5 20. Rab1 Bd7 21. b4
axb4 22. Rxb4 Bxb5 23. Rxb5 Qa7 24. Rb4 Re8 25. Rdb1 Bd8 26. f4 exf4 27. Bxf4
Qd7 28. Nb5 Be7 29. Rc4 Bf8 30. Qd1 Ne4 31. Qd3 Rxc4 32. Qxc4 Nc5 33. Qf1 Ra8
34. Re1 g6 35. c4 Rxa4 36. Nc3 Ra8 37. Nb5 Ra2 38. Re2 Rxe2 39. Qxe2 f5 40. h3
Ne4 41. Be3 Qd8 42. Nd4 Bg7 43. Ne6 Qa8 44. Nxg7 Qa1+ 45. Qf1 Qxf1+ 46. Kxf1
Kxg7 47. Ke2 Kf6 48. Bxb6 Ke5 49. Kd3 f4 50. h4 h6 51. Bd4+ Kf5 52. Bg7 g5 53.
Bxh6 gxh4 54. Bf8 Nc5+ 1/2-1/2

[Event "6MCR_4D_2L_3S"]
[Site "?"]
[Date "2004.??.??"]
[Round "?"]
[White "Hrubcik, Martin"]
[Black "Privoznik, Lubos"]
[Result "0-1"]
[WhiteElo "2050"]
[BlackElo "2313"]
[PlyCount "78"]
[EventDate "2004.??.??"]
[EventType "corr"]
[SourceDate "2004.06.03"]

1. e4 e5 2. f4 exf4 3. Nf3 d6 4. d4 g5 5. h4 g4 6. Ng1 Nf6 7. Bxf4 Nxe4 8. Bd3
d5 9. Bxe4 dxe4 10. Nc3 Bg7 11. Nge2 f5 12. Qd2 c6 13. O-O-O O-O 14. Kb1 Nd7
15. Bg5 Qe8 16. Bh6 Qg6 17. Bxg7 Qxg7 18. h5 Nb6 19. h6 Qe7 20. d5 cxd5 21. Qf4
Be6 22. Nd4 Qf6 23. Rh5 Rae8 24. Ncb5 Bd7 25. Nd6 Re5 26. Rg5+ Kh8 27. Rg7 Be8
28. Nxb7 Na4 29. c3 e3 30. Ka1 Re4 31. Qc7 Qxh6 32. Re7 f4 33. Rxe4 dxe4 34.
Nd6 f3 35. gxf3 gxf3 36. Nxe4 f2 37. Qe5+ Qg7 38. Qxg7+ Kxg7 39. Ne6+ Kf7 0-1

[Event "6MCR_4D_2L_3S"]
[Site "?"]
[Date "2004.??.??"]
[Round "?"]
[White "Hrubcik, Martin"]
[Black "Simunek, Jiri"]
[Result "0-1"]
[WhiteElo "2050"]
[BlackElo "2000"]
[PlyCount "44"]
[EventDate "2004.??.??"]
[EventType "corr"]
[SourceDate "2004.06.03"]

1. e4 e6 2. f4 d5 3. e5 c5 4. Nf3 Ne7 5. c3 Nf5 6. g3 Nc6 7. d3 Bd7 8. Bg2 h5
9. O-O Be7 10. Re1 Qc7 11. Na3 O-O-O 12. Ng5 Rdf8 13. Nc2 h4 14. g4 h3 15. Bf1
Nh4 16. Nxh3 g5 17. d4 gxf4 18. Nxf4 f6 19. c4 fxe5 20. dxe5 Nxe5 21. cxd5 Rhg8
22. Rxe5 Qxe5 0-1

[Event "6MCR_4D_2L_3S"]
[Site "?"]
[Date "2004.??.??"]
[Round "?"]
[White "Hrubcik, Martin"]
[Black "Splichal, Josef"]
[Result "1-0"]
[WhiteElo "2050"]
[BlackElo "2210"]
[PlyCount "77"]
[EventDate "2004.??.??"]
[EventType "corr"]
[SourceDate "2004.06.03"]

1. e4 e5 2. f4 exf4 3. Nf3 d5 4. exd5 Bg4 5. d4 Qxd5 6. Qe2+ Ne7 7. Nc3 Qf5 8.
Qb5+ Qxb5 9. Bxb5+ c6 10. Bd3 Bxf3 11. gxf3 Ng6 12. h4 Be7 13. h5 Nh4 14. Kf2
g5 15. hxg6 Nxg6 16. Ne2 Nd7 17. Nxf4 Bh4+ 18. Kf1 Bf6 19. c3 O-O-O 20. Nh5 Be7
21. Ng7 Bf6 22. Nf5 Nb6 23. Nh6 Rdf8 24. Rh5 Kb8 25. Be4 a6 26. Ke2 Bg7 27. Nf5
Bf6 28. Bh6 Rd8 29. Rah1 Nd5 30. Kf2 Rhe8 31. Ne3 Nb6 32. Ng4 Be7 33. Be3 Nf8
34. Rf5 f6 35. Nxf6 Bxf6 36. Rxf6 Nd5 37. Rf7 Nxe3 38. Kxe3 Rc8 39. Kd2 1-0

[Event "6MCR_4D_2L_3S"]
[Site "?"]
[Date "2004.??.??"]
[Round "?"]
[White "Necesany, Zdenek"]
[Black "Hrubcik, Martin"]
[Result "0-1"]
[WhiteElo "2208"]
[BlackElo "2050"]
[PlyCount "46"]
[EventDate "2004.??.??"]
[EventType "corr"]
[SourceDate "2004.06.03"]

1. d4 d5 2. Nf3 Nf6 3. c4 c6 4. Nc3 e6 5. g3 dxc4 6. Bg2 b5 7. Ne5 Nd5 8. a4 f6
9. Nf3 b4 10. Ne4 Be7 11. O-O O-O 12. Qc2 Ba6 13. Bd2 Qe8 14. Rac1 Nd7 15. Rfd1
Qh5 16. Be1 f5 17. Ned2 c3 18. Nb3 Rab8 19. Rb1 f4 20. Rdc1 N7f6 21. bxc3 fxg3
22. hxg3 Ng4 23. Qe4 Rxf3 0-1

[Event "6MCR_4D_2L_3S"]
[Site "?"]
[Date "2004.??.??"]
[Round "?"]
[White "Necesany, Zdenek"]
[Black "Omamik, Pavel"]
[Result "1/2-1/2"]
[WhiteElo "2208"]
[BlackElo "2000"]
[PlyCount "121"]
[EventDate "2004.??.??"]
[EventType "corr"]
[SourceDate "2004.06.03"]

1. c4 Nf6 2. d4 g6 3. Nc3 Bg7 4. e4 d6 5. h3 O-O 6. Nf3 Na6 7. Bg5 h6 8. Be3 e5
9. d5 Nc5 10. Nd2 a5 11. g4 c6 12. Be2 Bd7 13. h4 a4 14. g5 hxg5 15. hxg5 Nh7
16. Rg1 Qa5 17. Qb1 Rfc8 18. f3 Nf8 19. Kf2 cxd5 20. Nxd5 Qd8 21. Rh1 Nfe6 22.
Qg1 Bc6 23. Qg4 Nd4 24. Nf6+ Kf8 25. Rag1 Qa5 26. Rc1 Ke7 27. Nd5+ Bxd5 28.
cxd5 Nxe2 29. Kxe2 Qb5+ 30. Rc4 Rc7 31. Rhc1 Rh8 32. Qg1 b6 33. R1c2 Rcc8 34.
Bf2 Rh4 35. Qg4 Rch8 36. b4 axb3 37. axb3 Rh1 38. b4 Nd7 39. Bg1 R1h4 40. Qg3
Qa6 41. Rb2 Rh1 42. Qg2 R8h4 43. Rbc2 Kf8 44. Nf1 R1h3 45. Bf2 Rh5 46. Ng3 Rh8
47. Qg1 Ke7 48. Ke3 Rh2 49. R2c3 Qa2 50. Nf1 Rh1 51. Qg4 Rd8 52. Qg2 Rhh8 53.
Nd2 Qa4 54. Qg1 Rh5 55. Rc1 Ra8 56. Qg4 Qb5 57. Nb1 Rh1 58. Bg1 Ra2 59. Nd2 Rh8
60. Rc7 Rd8 61. R7c4 1/2-1/2

[Event "6MCR_4D_2L_3S"]
[Site "?"]
[Date "2004.??.??"]
[Round "?"]
[White "Necesany, Zdenek"]
[Black "Paganik, Pavel"]
[Result "1-0"]
[WhiteElo "2208"]
[BlackElo "2047"]
[PlyCount "73"]
[EventDate "2004.??.??"]
[EventType "corr"]
[SourceDate "2004.06.03"]

1. d4 Nf6 2. c4 g6 3. Nc3 Bg7 4. e4 O-O 5. Nf3 d6 6. h3 e5 7. d5 Nh5 8. Nh2 Qe8
9. Be2 Nf4 10. Bf3 f5 11. h4 Nd7 12. g3 fxe4 13. Nxe4 Nh5 14. Ng4 Nc5 15. Nxc5
dxc5 16. Nh6+ Kh8 17. Be4 Bd7 18. Bg5 c6 19. d6 Be6 20. Qc2 Qd7 21. Rd1 Rae8
22. O-O Nf6 23. f3 a5 24. Rfe1 a4 25. b3 Nxe4 26. Qxe4 Bf5 27. Qe2 e4 28. Nxf5
Rxf5 29. fxe4 Bd4+ 30. Kg2 Rf2+ 31. Qxf2 Bxf2 32. Kxf2 Kg7 33. e5 Re6 34. bxa4
h6 35. Bf4 h5 36. Rd3 Kf7 37. Bg5 1-0

[Event "6MCR_4D_2L_3S"]
[Site "?"]
[Date "2004.??.??"]
[Round "?"]
[White "Necesany, Zdenek"]
[Black "Privoznik, Lubos"]
[Result "1/2-1/2"]
[WhiteElo "2208"]
[BlackElo "2313"]
[PlyCount "51"]
[EventDate "2004.??.??"]
[EventType "corr"]
[SourceDate "2004.06.03"]

1. e4 e5 2. Nf3 Nc6 3. Bb5 a6 4. Bxc6 dxc6 5. O-O Qd6 6. Na3 Be6 7. Qe2 Ne7 8.
Nc4 Bxc4 9. Qxc4 c5 10. Ng5 Qf6 11. d4 exd4 12. Qxc5 Nc6 13. Qc4 h6 14. Nh3 Bd6
15. f4 Qe6 16. Qxe6+ fxe6 17. Rf3 O-O-O 18. Bd2 Rdf8 19. Nf2 g5 20. Nd3 gxf4
21. Bxf4 Bxf4 22. Rxf4 Rxf4 23. Nxf4 Kd7 24. Rd1 e5 25. Nd5 Ne7 26. Nxe7
1/2-1/2

[Event "6MCR_4D_2L_3S"]
[Site "?"]
[Date "2004.??.??"]
[Round "?"]
[White "Necesany, Zdenek"]
[Black "Simunek, Jiri"]
[Result "0-1"]
[WhiteElo "2208"]
[BlackElo "2000"]
[PlyCount "64"]
[EventDate "2004.??.??"]
[EventType "corr"]
[SourceDate "2004.06.03"]

1. Nf3 e6 2. c4 d5 3. d4 Nf6 4. Nc3 Bb4 5. Bg5 dxc4 6. Qa4+ Nc6 7. e4 Bd7 8.
Qc2 h6 9. Bd2 b5 10. Nxb5 Bxd2+ 11. Nxd2 a6 12. Na3 Nxd4 13. Qxc4 Bb5 14. Qc3
O-O 15. Bxb5 axb5 16. Nc2 Nxc2+ 17. Qxc2 Qd4 18. f3 Qe3+ 19. Kf1 Rfd8 20. Nb3
b4 21. Rg1 Qf4 22. Rh1 Ng4 23. Qe2 Ne5 24. Kf2 Nd3+ 25. Kf1 c5 26. g3 Qf6 27.
f4 e5 28. f5 c4 29. Nd2 Qc6 30. Kg2 Nxb2 31. Nf3 Nd3 32. Rad1 g6 0-1

[Event "6MCR_4D_2L_3S"]
[Site "?"]
[Date "2004.??.??"]
[Round "?"]
[White "Necesany, Zdenek"]
[Black "Splichal, Josef"]
[Result "0-1"]
[WhiteElo "2208"]
[BlackElo "2210"]
[PlyCount "60"]
[EventDate "2004.??.??"]
[EventType "corr"]
[SourceDate "2004.06.03"]

1. d4 Nf6 2. c4 c5 3. d5 e6 4. Nc3 exd5 5. cxd5 d6 6. e4 g6 7. f4 Bg7 8. Bb5+
Nfd7 9. a4 Qe7 10. Qd3 O-O 11. Nge2 a6 12. Bc4 b5 13. axb5 Nb6 14. bxa6 Nxc4
15. a7 Rxa7 16. Rxa7 Qxa7 17. Qxc4 Ba6 18. Qa4 Qe7 19. Kf2 f5 20. exf5 gxf5 21.
h3 Re8 22. Qd1 Nd7 23. Re1 Nb6 24. g3 Nc4 25. Na4 Ne3 26. Qd2 Qb7 27. Qxe3 Bd4
28. Nxd4 Rxe3 29. Bxe3 cxd4 30. Bxd4 Qb4 0-1

[Event "6MCR_4D_2L_3S"]
[Site "?"]
[Date "2004.??.??"]
[Round "?"]
[White "Omamik, Pavel"]
[Black "Hrubcik, Martin"]
[Result "1/2-1/2"]
[WhiteElo "2000"]
[BlackElo "2050"]
[PlyCount "86"]
[EventDate "2004.??.??"]
[EventType "corr"]
[SourceDate "2004.06.03"]

1. e4 c6 2. d4 d5 3. e5 Bf5 4. Nf3 e6 5. Be2 c5 6. O-O Nc6 7. c3 cxd4 8. cxd4
Nge7 9. a3 Nc8 10. Nbd2 Be7 11. b4 Nb6 12. Bb2 O-O 13. Rc1 Qd7 14. Nb3 Nc4 15.
Bxc4 dxc4 16. Rxc4 Rfc8 17. Qe2 b5 18. Rc3 a5 19. bxa5 Nxa5 20. Nxa5 Rxa5 21.
Rxc8+ Qxc8 22. Rc1 Qd8 23. Rc3 h6 24. h3 Kh7 25. Kh2 Qd7 26. g4 Bg6 27. h4 Kg8
28. h5 Bh7 29. Ne1 Ra4 30. Rb3 b4 31. axb4 Rxb4 32. Rxb4 Bxb4 33. Qf3 Qa4 34.
Ng2 Be7 35. Kg3 Qa2 36. Qb7 Bf8 37. f3 Bd3 38. Bc1 Qc4 39. Be3 Qc3 40. Bf2 Bh7
41. Qb6 Bc2 42. Ne3 Bd3 43. Qd8 Be2 1/2-1/2

[Event "6MCR_4D_2L_3S"]
[Site "?"]
[Date "2004.??.??"]
[Round "?"]
[White "Omamik, Pavel"]
[Black "Necesany, Zdenek"]
[Result "0-1"]
[WhiteElo "2000"]
[BlackElo "2208"]
[PlyCount "114"]
[EventDate "2004.??.??"]
[EventType "corr"]
[SourceDate "2004.06.03"]

1. e4 e5 2. Nf3 Nc6 3. Bc4 Bc5 4. b4 Bxb4 5. c3 Ba5 6. d4 d6 7. Qb3 Qd7 8. dxe5
Bb6 9. Nbd2 dxe5 10. Ba3 Na5 11. Qb4 c5 12. Qb2 Nxc4 13. Nxc4 f6 14. Rd1 Qc6
15. Nd6+ Ke7 16. Nxc8+ Rxc8 17. O-O Nh6 18. Qb3 Rhd8 19. Rd5 Rc7 20. Ne1 Rxd5
21. exd5 Qd6 22. Nf3 Rd7 23. c4 Kf7 24. Nd2 f5 25. Qe3 Kg8 26. h3 Nf7 27. Nb3
Rc7 28. Qe2 Rc8 29. Rd1 e4 30. Nd4 Bc7 31. g3 Qg6 32. Ne6 b6 33. Nxc7 Rxc7 34.
Bc1 Ne5 35. Bf4 Nf3+ 36. Kg2 Rc8 37. a4 Nd4 38. Qe1 h5 39. a5 h4 40. Be3 hxg3
41. fxg3 Nf3 42. Qf2 bxa5 43. d6 Rd8 44. Bf4 Nd4 45. Rxd4 cxd4 46. Qxd4 Qe6 47.
c5 Qa2+ 48. Qf2 Qd5 49. Be3 a4 50. Qb2 Qd1 51. Qa2+ Kh7 52. Qf2 Kg8 53. Qa2+
Kh8 54. Qf2 Rb8 55. g4 fxg4 56. Bd4 Qf3+ 57. Qxf3 gxf3+ 0-1

[Event "6MCR_4D_2L_3S"]
[Site "?"]
[Date "2004.??.??"]
[Round "?"]
[White "Omamik, Pavel"]
[Black "Paganik, Pavel"]
[Result "1-0"]
[WhiteElo "2000"]
[BlackElo "2047"]
[PlyCount "101"]
[EventDate "2004.??.??"]
[EventType "corr"]
[SourceDate "2004.06.03"]

1. e4 c6 2. d4 d5 3. e5 c5 4. dxc5 Nc6 5. Bb5 e6 6. Be3 Qa5+ 7. Nc3 Bd7 8. Nf3
Nge7 9. Bd2 Qc7 10. Bxc6 Bxc6 11. Qe2 Ng6 12. b4 a5 13. Nb5 Qd7 14. Nd6+ Bxd6
15. cxd6 Bb5 16. Qe3 axb4 17. Bxb4 f6 18. exf6 gxf6 19. a3 e5 20. O-O-O Bc6 21.
h4 O-O 22. h5 Nf4 23. Nd4 Kh8 24. g3 Ne6 25. Nxe6 Qxe6 26. Rhe1 Qf5 27. f4 d4
28. Qe2 Rfe8 29. Rf1 Qd7 30. Qf2 Kg8 31. g4 Rac8 32. g5 Be4 33. Rd2 f5 34. fxe5
Rc4 35. Re1 Rec8 36. g6 Rxc2+ 37. Rxc2 Rxc2+ 38. Qxc2 Bxc2 39. Kxc2 Qe6 40. d7
Qxd7 41. e6 Qe8 42. gxh7+ Kxh7 43. e7 Kh6 44. Re5 Kg5 45. Kd3 Kf6 46. Kxd4 f4
47. h6 f3 48. h7 Kg7 49. h8=Q+ Kxh8 50. Rd5 Kg7 51. Rd8 1-0

[Event "6MCR_4D_2L_3S"]
[Site "?"]
[Date "2004.??.??"]
[Round "?"]
[White "Omamik, Pavel"]
[Black "Privoznik, Lubos"]
[Result "0-1"]
[WhiteElo "2000"]
[BlackElo "2313"]
[PlyCount "88"]
[EventDate "2004.??.??"]
[EventType "corr"]
[SourceDate "2004.06.03"]

1. e4 g6 2. d4 Bg7 3. Nc3 d6 4. Be3 a6 5. Qd2 Nd7 6. O-O-O b5 7. f3 Bb7 8. h4
h6 9. Nh3 Rc8 10. h5 g5 11. Ne2 c5 12. dxc5 Nxc5 13. Nf2 Na4 14. Bd4 Nf6 15.
Ng4 e6 16. b3 Nc5 17. Bxf6 Bxf6 18. Qxd6 Qxd6 19. Rxd6 Bg7 20. Rd2 Rc7 21. b4
Nd7 22. Kb1 Nb6 23. Nd4 O-O 24. Nb3 f5 25. Rd6 Na4 26. exf5 Nc3+ 27. Kb2 Ne4+
28. Rd4 exf5 29. Nxh6+ Bxh6 30. fxe4 Bxe4 31. Rd2 g4 32. Rf2 Bg7+ 33. Ka3 a5
34. Nc5 g3 35. Re2 Bd5 36. Rd2 Rd8 37. Bxb5 axb4+ 38. Kxb4 Bf8 39. Rxd5 Rxd5
40. Bc4 Rcxc5 41. Bxd5+ Rxd5+ 42. Kc3 Bg7+ 43. Kc4 Rd2 44. Rf1 Rf2 0-1

[Event "6MCR_4D_2L_3S"]
[Site "?"]
[Date "2004.??.??"]
[Round "?"]
[White "Omamik, Pavel"]
[Black "Simunek, Jiri"]
[Result "1-0"]
[WhiteElo "2000"]
[BlackElo "2000"]
[PlyCount "81"]
[EventDate "2004.??.??"]
[EventType "corr"]
[SourceDate "2004.06.03"]

1. e4 e6 2. d4 d5 3. Nc3 Nf6 4. e5 Nfd7 5. f4 c5 6. Nf3 Nc6 7. Be3 cxd4 8. Nxd4
Bc5 9. Qd2 O-O 10. O-O-O a6 11. h4 Nxd4 12. Bxd4 b5 13. Rh3 b4 14. Na4 Bxd4 15.
Qxd4 Qa5 16. b3 Bb7 17. c3 Rfc8 18. Kb2 bxc3+ 19. Rxc3 Rxc3 20. Qxc3 Qd8 21. h5
Rc8 22. Qd4 f6 23. exf6 Qxf6 24. g3 Qf5 25. Rd2 e5 26. Qa7 Bc6 27. Bxa6 Ra8 28.
Qc7 Qf6 29. Nc3 exf4 30. gxf4 Re8 31. Re2 Rf8 32. b4 Nb8 33. Bb7 Bxb7 34. Qxb7
Nc6 35. a3 Qd6 36. Rg2 Rf7 37. Qa6 Qe6 38. Rc2 Rf5 39. Nxd5 Qxd5 40. Qxc6 Qxc6
41. Rxc6 1-0

[Event "6MCR_4D_2L_3S"]
[Site "?"]
[Date "2004.??.??"]
[Round "?"]
[White "Omamik, Pavel"]
[Black "Splichal, Josef"]
[Result "1-0"]
[WhiteElo "2000"]
[BlackElo "2210"]
[PlyCount "82"]
[EventDate "2004.??.??"]
[EventType "corr"]
[SourceDate "2004.06.03"]

1. e4 e5 2. Nf3 Nc6 3. Bb5 a6 4. Ba4 Nf6 5. O-O Nxe4 6. d4 b5 7. Bb3 d5 8. dxe5
Be6 9. c3 Bc5 10. Nbd2 O-O 11. Bc2 Bf5 12. Nb3 Bxf2+ 13. Rxf2 Nxf2 14. Kxf2
Bxc2 15. Qxc2 f6 16. e6 Qd6 17. Be3 Qxe6 18. Nbd4 Nxd4 19. Nxd4 Qe5 20. Nf3 Qh5
21. a4 Rfe8 22. Qd3 c6 23. b4 Qg4 24. h3 Qd7 25. Bc5 Qc8 26. Nd4 Re5 27. g4 Kh8
28. Nf5 Qb8 29. Kg2 Re4 30. Nd6 Re6 31. Qg3 bxa4 32. Rxa4 Qc7 33. Ra2 Qd7 34.
Nf5 Kg8 35. Qd3 Qb7 36. Ra5 g6 37. Nd4 Re1 38. Ra2 Rae8 39. Qg3 R1e5 40. Qf3
Kg7 41. Rf2 Qf7 1-0